Plus grandes villes de France comportant un W - Statistiques

Statistiques générales
  • Ce quiz a été pris 52 fois
  • Le résultat moyen est 3 sur 8
Statistiques - réponses
Population Département Ville % Correct
41 000 59 Wattrelos
85%
21 000 59 Wasquehal
50%
14 500 57 Woippy
50%
15 000 54 Longwy
41%
15 500 68 Wittenheim
22%
12 500 57 Creutzwald
15%
15 500 59 Wattignies
9%
13 500 67 Ostwald
7%
Aucun quiz correspondant
Distribution des résultats
% des personnes avec chaque résultat
Percentile par nombre de réponses
Votre historique - résultats
Vous n’avez pas pris ce quiz